Point culminant des pays d'Europe - Statistiques

Statistiques générales
  • Ce quiz a été pris 60 fois
  • Le résultat moyen est 6 sur 42
Statistiques - réponses
Pays d'Europe Altitude (en mètre) Point culminant % Correct
France 4810 Mont Blanc
89%
Italie 4810 Mont Blanc
85%
Belgique 694 Signal de Botrange
48%
Allemagne 2963 Zugspitze
48%
Grèce 2904 Mont Olympe
37%
Royaume-Uni 1342 Ben Nevis
33%
Russie 5633 Mont Elbrouz
26%
Albanie 2764 Mont Korab
26%
Espagne 3478 Mulhacén
22%
Suisse 4634 Pointe Dufour
22%
Autriche 3798 Grossglockner
19%
Macédoine du Nord 2764 Mont Korab
19%
Saint-Marin 749 Mont Titan
15%
Slovénie 2864 Triglav
15%
Norvège 2469 Galdhøpiggen
11%
Finlande 1328 Halti
11%
Pologne 2499 Mont Rysy
11%
Croatie 1830 Dinara
7%
Liechtenstein 2599 Grauspitz
7%
Ukraine 2061 Hoverla
7%
Bosnie-Herzégovine 2386 Maglić
7%
Roumanie 2544 Moldoveanu
7%
Biélorussie 346 Mont Dzerjinski
7%
Bulgarie 2925 Musala
7%
Lituanie 294 Aukštojas
4%
Moldavie 430 Dealul Bălăneşti
4%
Lettonie 312 Gaizinkalns
4%
Suède 2111 Kebnekaise
4%
Hongrie 1014 Kékes
4%
Andorre 2946 Pic de Coma Pedrosa
4%
République tchèque 1602 Sniejka
4%
Estonie 318 Suur Munamägi
4%
Monténégro 2534 Zla Kolata
4%
Irlande 1040 Carrantuohill
0%
Slovaquie 2655 Gerlachovský štít
0%
Islande 2110 Hvannadalshnjúkur
0%
Portugal 1993 Serra da Estrela
0%
Malte 253 Ta'Dmejrek
0%
Pays-Bas 321 Vaalserberg
0%
Serbie 2658 Velika Rudoka
0%
Luxembourg 560 Wilwerdange
0%
Danemark 175 Yding Skovhoj
0%
Aucun quiz correspondant
Distribution des résultats
% des personnes avec chaque résultat
Percentile par nombre de réponses
Votre historique - résultats
Vous n’avez pas pris ce quiz